Online Catalogue and eLibrary

Participatory Communication: (Record no. 1090)

MARC details
000 -LEADER
fixed length control field 00508nam a2200193Ia 4500
005 - DATE AND TIME OF LATEST TRANSACTION
control field 20250320043051.0
008 - FIXED-LENGTH DATA ELEMENTS--GENERAL INFORMATION
fixed length control field 240331s9999 xx 000 0 und d
020 ## - INTERNATIONAL STANDARD BOOK NUMBER
ISBN 8170363705
082 ## - DDC Classification
Class No. 302.2
Item Number - Author Mark PAR
DDC Edition Number 3438
245 #0 - TITLE STATEMENT
Title Participatory Communication:
Remainder of title Working for Change and Development
260 ## - PUBLICATION, DISTRIBUTION, ETC.
Place of publication, distribution, etc. New Delhi,
Name of publisher, distributor, etc. SAGE Publications
Date of publication, distribution, etc. 1994
300 ## - PHYSICAL DESCRIPTION
Extent (e.g. Volumes, Pages etc.) 470 p.,
650 ## - SUBJECT ADDED ENTRY--TOPICAL TERM
Topical term or geographic name entry element Development
650 ## - SUBJECT ADDED ENTRY--TOPICAL TERM
Topical term or geographic name entry element Communication
650 ## - SUBJECT ADDED ENTRY--TOPICAL TERM
Topical term or geographic name entry element Conflict
650 ## - SUBJECT ADDED ENTRY--TOPICAL TERM
Topical term or geographic name entry element Media
700 ## - ADDED ENTRY--PERSONAL NAME
Personal name White, S. A
Relator term (Role) Editor
942 ## - Koha item type (Biblio)
Koha item type Books in Stacks (Lending)
Holdings
Lost status Damaged status Collection code Home library Current library Shelving location Date acquired Full call number Accession Number Item type
    Lending WERC Library WERC Library Social Science Cupboard 03/31/2024 302.2 PAR 3438 Books in Stacks (Lending)

© WERC Library